Lo social en la Asturias del siglo XX / (Record no. 62441)

MARC details
000 -LEADER
campo de control de longitud fija 00612nam a2200169 i 4500
001 - NÚMERO DE CONTROL
campo de control 62441
003 - IDENTIFICADOR DE NÚMERO DE CONTROL
campo de control ES-MaACL
005 - FECHA Y HORA DE LA ÚLTIMA TRANSACCIÓN
campo de control 20230906164653.0
007 - CAMPO FIJO DE DESCRIPCIÓN FÍSICA--INFORMACIÓN GENERAL
campo de control de longitud fija t|
008 - DATOS DE LONGITUD FIJA--INFORMACIÓN GENERAL
campo de control de longitud fija 031121s1966 sp ||||1| spa d
100 1# - ENTRADA PRINCIPAL--NOMBRE DE PERSONA
Nombre de persona Fernández Díaz-Faes, José María.
9 (RLIN) 49742
245 13 - MENCIÓN DEL TÍTULO
Título Lo social en la Asturias del siglo XX /
Mención de responsabilidad, etc. por José María Fernández Díaz-Faes ; discurso ... contestación de Martín Andreu Valdés-Solís.
260 ## - PUBLICACIÓN, DISTRIBUCIÓN, ETC.
Lugar de publicación, distribución, etc. Oviedo :
Nombre del editor, distribuidor, etc. Instituto de Estudios Asturianos,
Fecha de publicación, distribución, etc. 1966.
300 ## - DESCRIPCIÓN FÍSICA
Extensión 94 p. ;
Dimensiones 24 cm.
700 1# - ENTRADA AGREGADA--NOMBRE PERSONAL
Nombre de persona Andreu Valdés-Solís, Martín.
9 (RLIN) 21652
852 ## - LOCALIZACIÓN
Ubicación ES-MaACL
Número de control de estantería C-31217
Sublocalización o colección R.61862
Holdings
Estatus retirado Estado de pérdida Estado de daño No para préstamo Biblioteca de origen Biblioteca actual Ubicación en estantería Fecha de adquisición Fuente de adquisición Total de préstamos Signatura topográfica completa Código de barras Visto por última vez Precio de reemplazo Tipo de ítem Koha
        Biblioteca del Ateneo de Madrid Biblioteca del Ateneo de Madrid Depósito 2 17/01/2008     C-31217 1065464 23/02/2023 23/02/2023 Libro impreso